000
00183 a2200097 4500
020
_a
9781933693613
041
_a
spa
100
_a
Joe Hayes
245
_a
Baila Nana Baila
942
_c
BK
999
_c
12751
_d
12751